00178 a2200085 45000010005000000820020000051000014000252450039000392600014000783042 a297.1978344 SHE aShehab R. aRights of woman in islamic Shariah bIndus pub